Pays d'Amérique du Sud en 60 secondes - Statistiques

Statistiques générales
  • Ce quiz a été pris 69 fois
  • Le résultat moyen est 11 sur 12
Statistiques - réponses
Réponse % Correct
Brésil
97%
Argentine
95%
Chili
95%
Uruguay
92%
Pérou
91%
Bolivie
89%
Colombie
89%
Paraguay
89%
Venezuela
89%
Équateur
83%
Guyane
83%
Suriname
80%
Aucun quiz correspondant
Distribution des résultats
% des personnes avec chaque résultat
Percentile par nombre de réponses
Votre historique - résultats
Vous n’avez pas pris ce quiz